Els Pasturatges : funcionalisme i aprofitament dels ecosistemes pastorals / Frederic Fillat ... [et al.] funcionalisme i aprofitament dels ecosistemes pastorals / Frederic Fillat ... [et al.]

Descripció física: 94 p. : il. ; 24 cm
Altres autors: Fillat, Frederic

MARC

LEADER 00000nam a2200000Ia 4500
001 1520
008 160829s1984 xx 000 0 cat d
080 |a C-1-221 
245 |a Els Pasturatges :  |b  funcionalisme i aprofitament dels ecosistemes pastorals / Frederic Fillat ... [et al.] 
260 |a Barcelona :  |b Diputació de Barcelona. Servei del Medi Ambient,  |c 1984 
300 |a 94 p. :  |b  il. ;  |c 24 cm 
490 |a Quaderns d' Ecologia aplicada ; 7 
650 |a Pasturatge  |x Espanya  |9 20663 
700 |a Fillat, Frederic   |9 20664 
710 1 |a Barcelona (Catalunya : Província).  |b Servei de Medi Ambient  |9 53475 
901 |a Arxiu 
942 |n 1 
952 |0 0  |1 0  |4 0  |6 C1221  |7 1  |9 41624  |a Arxiu  |b Arxiu  |d 2016-12-01  |l 0  |o C-1-221  |p 1520  |r 2016-12-01 00:00:00  |w 2016-12-01  |y ARXIU 
999 |c 43514  |d 43514